Statistics for Greek gods And goddesses

Click here to take the quiz!

General Stats

  • This quiz has been taken 45 times
  • The average score is 36 of 77

Answer Stats

HintAnswer% Correct
Health, Music, ArcheryApollo
63%
Wisdom, Crafts, Battle StrategyAthena
63%
LifelineFates
63%
Mother EarthGaea
63%
UnderworldHades
63%
MagicHecate
63%
SunHelios
63%
Peacocks, Women, MarriageHera
63%
StrengthHeracles
63%
CowsIo
63%
WindsAelous
56%
SpidersArachne
56%
WarAres
56%
Hunting, moonlightArtemis
56%
GatewaysCharon
56%
CentaursChiron
56%
FearDiemos
56%
Wine, TheaterDionysus
56%
Thieves, Jobs, Travelers, PersuadingHermes
56%
SleepHypnos
56%
MemoryMnemosyne
56%
TerrorPhobius
56%
SeasPoseidon
56%
Prophecy, OracleRhea
56%
West WindZephyrus
56%
ThunderZeus
56%
Upper SkyAether
50%
PoisonAklys
50%
FishAmphitrite
50%
MedicineAsclepius
50%
North WindBoreas
50%
Eternal DarknessErebus
50%
Blacksmiths, FireHephaestus
50%
HearthHestia
50%
SnowKhione
50%
DragonsLadon
50%
SnakesMedusa
50%
Grudges, UnfairnessNemises
50%
DepressionOizys
50%
HarpOrpheus
50%
WildPan
50%
Spring, FlowersPersephone
50%
MoonSelene
50%
Abyss in UnderworldTartarus
50%
Agriculture, CropsDemeter
44%
TrickeryDolos
44%
StrifeEris
44%
LoveEros
44%
East WindEureus
44%
TimeKronos
44%
InsanityMania
44%
Poetry, Music, Epics, HistoryMuses
44%
Self-CenternessNarcissus
44%
South WindNotus
44%
Eternal NightNyx
44%
OceansOceanus
44%
Father SkyOuranos
44%
Sea StormsPhorcys
44%
DeathThanatos
44%
DeceitApate
38%
DawnEos
38%
ForethoughtEpimitheus
38%
YouthHebe
38%
Sea MonstersKete
38%
DestinyMoirai
38%
FreshwaterTethys
38%
LuckTyche
38%
TortureErinyes
31%
DayHemera
31%
Large SeasPontus
31%
AfterthoughtPrometheus
31%
MonstersTyphon
31%
Death Spirits/DemonsKeres
25%
DoomMoros
25%
LakesTriton
25%
ProtectionHesperides
13%
MisuseAtlas
0%

Score Distribution

Percentile by Number Answered

Percent of People with Each Score

Your Score History

You have not taken this quiz